| 000 | 00000nam 2200000zi 4500 |
| 001 | 9.946164 |
| 003 | CaOODSP |
| 005 | 20250122151833 |
| 006 | m o d f |
| 007 | cr cn||||||||| |
| 008 | 241213t20252025onca osb f000 0 eng d |
| 020 | |a9780660749006 |
| 040 | |aCaOODSP|beng|erda|cCaOODSP |
| 043 | |an-cn--- |
| 086 | 1 |aCS11-627/2025-10E-PDF |
| 245 | 00|aMental health-related disabilities, 2022. |
| 264 | 1|a[Ottawa] : |bStatistics Canada = Statistique Canada, |c[2025] |
| 264 | 4|c©2025 |
| 300 | |a1 online resource (1 unnumbered page) : |billustrations |
| 336 | |atext|btxt|2rdacontent |
| 337 | |acomputer|bc|2rdamedia |
| 338 | |aonline resource|bcr|2rdacarrier |
| 500 | |aCaption title. |
| 500 | |aIssued also in French under title: Les incapacités liées à la santé mentale, 2022. |
| 504 | |aIncludes bibliographical references. |
| 520 | |a"In 2022, 10.4% of Canadians (or nearly 3.1 million individuals) aged 15 and over had a mental health-related disability"--Page [1]. |
| 650 | 0|aMental health|zCanada|vStatistics. |
| 650 | 0|aMental illness|zCanada|vStatistics. |
| 650 | 0|aPeople with disabilities|zCanada|vStatistics. |
| 655 | 7|aStatistics|2lcgft |
| 655 | 7|aInfographics|2lcgft |
| 710 | 2 |aStatistics Canada, |eissuing body. |
| 775 | 08|tLes incapacités liées à la santé mentale, 2022.|w(CaOODSP)9.946163 |
| 856 | 40|qPDF|s241 KB|uhttps://publications.gc.ca/collections/collection_2025/statcan/11-627-m/11-627-m2025010-eng.pdf |
| 856 | 4 |qHTML|sN/A|uhttps://www150.statcan.gc.ca/n1/pub/11-627-m/11-627-m2025010-eng.htm |
| 986 | |a11-627-M |